000 00445nam a22001577a 4500
999 _c3268
_d3268
008 200324b ||||| |||| 00| 0 eng d
082 0 0 _a621.3
_bR261
100 _92777
_aRawlley, P. P.
245 1 0 _aA Textbook of electrical technology /
_cby P. P. Rawlley and M. P. Mittal
250 _a2nd ed.
260 _aLudhiana
_bKatson
_c1980
300 _axvi, 310 p.
650 0 _aElectrical Engineering
700 _92778
_aMittal, M. P.
942 _cBK